La Camara Americana de Comercio, 1917-1949
שמור ב:
| מחבר ראשי: | |
|---|---|
| מחבר תאגידי: | |
| מחברים אחרים: | |
| פורמט: | ספר |
| שפה: | Spanish |
| יצא לאור: |
Azcapotzalco, Distrito Federal, México
Universidad Autónoma Metropolitana
1981
|
| נושאים: | |
| תגים: |
הוספת תג
אין תגיות, היה/י הראשונ/ה לתייג את הרשומה!
|
MARC
| LEADER | 00000nam a2200000 4500 | ||
|---|---|---|---|
| 003 | cru CIDCACS/IIS | ||
| 005 | 20190116115740.0 | ||
| 008 | 190116b1981 MX ||||| |||| 00| 0 spa d | ||
| 999 | |c 42043 |d 42043 | ||
| 040 | |c cru CIDCACS/IIS | ||
| 090 | |a REV0001 2(4) 1981 | ||
| 100 | |9 8200 |a León, Samuel | ||
| 110 | |9 8187 |a Universidad Autónoma Metropolitana, UAM | ||
| 245 | |a La Camara Americana de Comercio, 1917-1949 |c Samuel León, Silvia Ortega | ||
| 260 | |a Azcapotzalco, Distrito Federal, México |b Universidad Autónoma Metropolitana |c 1981 | ||
| 300 | |a Páginas 187-206. | ||
| 650 | 4 | |9 5915 |a HISTORIA ECONOMICA | |
| 650 | 0 | |9 2165 |a CONDICIONES ECONOMICAS | |
| 650 | 0 | |9 4674 |a COMERCIO | |
| 651 | 0 | |9 245 |a ESTADOS UNIDOS | |
| 651 | 0 | |9 3410 |a MEXICO | |
| 700 | |9 8202 |a Ortega, Silvia | ||
| 710 | |9 8187 |a Universidad Autónoma Metropolitana, UAM | ||
| 773 | 0 | |0 18805 |9 2590 |d Azcapotzalco UAM |o 02234 |t AZCAPOTZALCO | |
| 942 | |2 ddc |c PP | ||
